000 00707nam a2200241Ia 4500
003 GCL
008 140319s9999 xx 000 0 ara d
040 _aGCL /
_cGCL
082 0 4 _a322.42
_bف ش
100 1 _aفخرى لبيب
245 1 0 _aالشيوعيون وعبد الناصر (التحالف والمواجهة) 1965-1958 /
_cفخرى لبيب
260 _a[S.N] :
_bبرنت للطباعة
300 _a590 ص
490 _a
650 0 4 _aالعصر الحديث
650 0 4 _aمصر
650 0 4 _aتاريخ
650 0 4 _aالشيوعية
650 0 4 _aالاشتراكية
650 0 4 _aالمعارضة ( سياسة )
650 0 4 _aجمال عبدالناصر
942 _2ddc
_cBK
999 _c55883
_d55883